Cidadania, Direitos Humanos e Educação : (Record no. 7777)

MARC details
000 -LEADER
fixed length control field 01095cam a2200325 i 4500
001 - CONTROL NUMBER
control field on1256633153
003 - CONTROL NUMBER IDENTIFIER
control field TZ-ArACH
005 - DATE AND TIME OF LATEST TRANSACTION
control field 20260122132830.0
008 - FIXED-LENGTH DATA ELEMENTS--GENERAL INFORMATION
fixed length control field 200506s2019 bl b 000 0 por d
020 ## - INTERNATIONAL STANDARD BOOK NUMBER
International Standard Book Number 9788584935352
Qualifying information paperback
020 ## - INTERNATIONAL STANDARD BOOK NUMBER
International Standard Book Number 8584935355
035 ## - SYSTEM CONTROL NUMBER
System control number (OCoLC)1256633153
040 ## - CATALOGING SOURCE
Original cataloging agency HVL
Language of cataloging eng
Description conventions rda
Transcribing agency TZ-ArACH
Modifying agency HVL
043 ## - GEOGRAPHIC AREA CODE
Geographic area code s-bl---
049 ## - LOCAL HOLDINGS (OCLC)
Holding library TZAA
050 #4 - LIBRARY OF CONGRESS CALL NUMBER
Classification number KHD2973
Item number .L56 2019
100 1# - MAIN ENTRY--PERSONAL NAME
Personal name Lima, Carolina Alves de Souza,
Relator term author.
245 10 - TITLE STATEMENT
Title Cidadania, Direitos Humanos e Educação :
Remainder of title Avanços, retrocessos e perspectivas para o século 21 /
Statement of responsibility, etc Carolina Alves de Souza Lima.
260 ## - PUBLICATION, DISTRIBUTION, ETC. (IMPRINT)
Place of publication, distribution, etc Sao Paolo (Brazil) :
Name of publisher, distributor, etc Almedina Brasil;
Date of publication, distribution, etc 2019.
300 ## - PHYSICAL DESCRIPTION
Extent 395 pages ;
Dimensions 23 cm.
490 0# - SERIES STATEMENT
Series statement Coleção Manuais Profissionais
504 ## - BIBLIOGRAPHY, ETC. NOTE
Bibliography, etc Includes bibliographical references (379-395).
650 #0 - SUBJECT ADDED ENTRY--TOPICAL TERM
Topical term or geographic name as entry element Citizenship
Geographic subdivision Brazil.
650 #0 - SUBJECT ADDED ENTRY--TOPICAL TERM
Topical term or geographic name as entry element Right to education
Geographic subdivision Brazil.
650 #6 - SUBJECT ADDED ENTRY--TOPICAL TERM
Topical term or geographic name as entry element Droit à l'éducation
Geographic subdivision Brésil.
650 #7 - SUBJECT ADDED ENTRY--TOPICAL TERM
Topical term or geographic name as entry element Citizenship
Source of heading or term fast
9 (RLIN) 1402
650 #7 - SUBJECT ADDED ENTRY--TOPICAL TERM
Topical term or geographic name as entry element Right to education
Source of heading or term fast
9 (RLIN) 17690
651 #7 - SUBJECT ADDED ENTRY--GEOGRAPHIC NAME
Geographic name Brazil
Source of heading or term fast
942 ## - ADDED ENTRY ELEMENTS (KOHA)
Source of classification or shelving scheme Library of Congress Classification
Koha item type Books
Holdings
Home library Current library Date acquired Full call number Barcode Koha item type
African Court on Human and Peoples' Rights Library African Court on Human and Peoples' Rights Library 22/01/2026 KHD2973 .L56 2019 10043721 Books

African Court on Human and Peoples' Rights | For Inquiries Contact » +255 272 510 510